| 000 | 01291cas a22002535a 4500 | ||
|---|---|---|---|
| 001 | L152498 | ||
| 008 | 110318c2009 xxkfr ws ss 0 a0eng u | ||
| 035 | _a(Sirsi) u152498 | ||
| 041 | 0 | _aeng | |
| 050 | _a333.7 $2 18 | ||
| 110 | 2 |
_aRoyal Institution of Chartered Surveyors _bEconomics _95033 |
|
| 245 | 0 | 0 |
_aRICS global property sustainability survey _h[electronic resource] |
| 260 |
_aLondon _bRICS _c2009- |
||
| 362 | 0 | _aQ2 2009- | |
| 490 | 0 |
_aRICS Global Property Sustainability Survey _vQ2 2009- |
|
| 520 | _aSurveys the implementation of sustainable real estate solutions across the globe. Examines sectoral indicators for office, industrial and retail occupiers; small and large occupiers; government, media and professional occupiers; and construction, manufacturing, banks and commodities. Concludes with global snapshot: key questions. | ||
| 554 | _aFour per year | ||
| 650 | 2 | 4 | _aRICS GLOBAL PROPERTY SUSTAINABILITY SURVEY |
| 651 | 4 | _aInternational | |
| 690 | _aENVIRONMENTAL AND LAND CONSULTANCY-SUSTAINABILITY | ||
| 856 | 4 | 0 |
_uhttps://www.rics.org/sustainabilitysurvey _zView the current item free of charge at www.rics.org |
| 856 | 4 | 0 |
_uhttps://www.rics.org/site/scripts/downloads.aspx?categoryID=707 _zView archive copies free of charge at www.rics.org |
| 942 | _n0 | ||
| 999 |
_c119318 _d119318 |
||